Normal view
MARC view
- Nielsen, Rasmus Kleis,
Entry Personal Name
001 - CONTROL NUMBER
- control field: 1615
003 - CONTROL NUMBER IDENTIFIER
- control field: NUST
005 - DATE AND TIME OF LATEST TRANSACTION
- control field: 20170530121848.0
008 - FIXED-LENGTH DATA ELEMENTS
- fixed length control field: 170530|| aca||aabn | a|a d
040 ## - CATALOGING SOURCE
- Original cataloging agency: NUST
- Transcribing agency: NUST
100 ## - HEADING--PERSONAL NAME
- Personal name: Nielsen, Rasmus Kleis,
- Dates associated with a name: 1980-
- Relator term: editor.
670 ## - SOURCE DATA FOUND
- Source citation: Work cat.: (NUST)0: Local journalism :
